000
00248nam a2200109Ia 4500
008
230320s9999||||xx |||||||||||||| ||spa||
082
_a
193/S314
100
_a
Schleiermacher, Federico
245
0
_a
Monólogos
260
_b
Aguilar
942
_8
0
_c
LIB
999
_c
26363
_d
26363